Normal view
MARC view
- تأليف: المعايطة، خليل / م.مشارك: مصطفى القمش، وليد المحيسن، محمد البواليز
Entry Personal Name
001 - CONTROL NUMBER
- control field: 42623
003 - CONTROL NUMBER IDENTIFIER
- control field: JO-AjAnu
005 - DATE AND TIME OF LATEST TRANSACTION
- control field: 20230606081054.0
008 - FIXED-LENGTH DATA ELEMENTS
- fixed length control field: 230606|| aca||aabn | a|a d
040 ## - CATALOGING SOURCE
- Original cataloging agency: JO-AjAnu
- Transcribing agency: JO-AjAnu
100 ## - HEADING--PERSONAL NAME
- Personal name: تأليف: المعايطة، خليل / م.مشارك: مصطفى القمش، وليد المحيسن، محمد البواليز
670 ## - SOURCE DATA FOUND
- Source citation: Work cat.: (JO-AjAnu)21832: تأليف: المعايطة، خليل / م.مشارك: مصطفى القمش، وليد المحيسن، محمد البواليز, author, مدخل الى الخدمة الاجتماعية